00487nam a22001937a 450000500170000001000110001702000220002803500110005003700160006104000120007708200110008910000190010024500370011926000430015627000310019930000200023065000230025065000200027320170124110108.0 a751616 c00.00a0091210402 a751616 bCen Lib/Ret aDPLbEN aNbGRA aGraeme, Bruce  aThe D notice /cby Bruce Graeme  bHutchinson Publishers c1974 aLondon  bLondon a3 fitzory square  a182p.c17cm(Hb) aLiterature - Novel aEnglish - novel